[Event "Hoersching op 1st"]
[Site "Hoersching"]
[Date "2013.03.28"]
[Round "7"]
[White "Kirchmayr, Wilhelm"]
[Black "Deleja Hotko, Karl"]
[Result "1/2-1/2"]
[WhiteElo "2036"]
[BlackElo "1692"]
[PlyCount "60"]
[EventDate "2013.03.22"]
[EventType "swiss"]
[EventRounds "7"]
[EventCountry "AUT"]
[SourceTitle "CBM 153 Extra"]
[Source "ChessBase"]
[SourceDate "2013.04.22"]
[SourceVersion "1"]
[SourceVersionDate "2013.04.22"]
[SourceQuality "1"]

1. c4 Nf6 2. g3 e6 3. Nf3 c6 4. Bg2 d5 5. b3 g6 6. Bb2 Be7 7. 0-0 0-0 8. Qc2 Nfd7 9. Nc3 Bf6 10. d4 Bg7 11. e4 dxe4 12. Nxe4 Nf6 13. Nc5 Nbd7 14. Nd3 Re8 15. Rfe1 Qc7 16. b4 b6 17. Bc1 Bb7 18. Bf4 Qc8 19. Bd6 Bf8 20. Bxf8 Rxf8 21. c5 b5 22. Qd2 Qc7 23. Nc1 Rad8 24. Qh6 Ng4 25. Qh4 Ngf6 26. Qh6 Ng4 27. Qg5 Ngf6 28. Nb3 Kg7 29. Ne5 Nd5 30. Nd2 Rfe8 1/2-1/2

[Event "Hoersching op 1st"]
[Site "Hoersching"]
[Date "2013.03.27"]
[Round "6"]
[White "Hoebarth, Guenter"]
[Black "Kirchmayr, Wilhelm"]
[Result "1/2-1/2"]
[WhiteElo "1938"]
[BlackElo "2036"]
[PlyCount "78"]
[EventDate "2013.03.22"]
[EventType "swiss"]
[EventRounds "7"]
[EventCountry "AUT"]
[SourceTitle "CBM 153 Extra"]
[Source "ChessBase"]
[SourceDate "2013.04.22"]
[SourceVersion "1"]
[SourceVersionDate "2013.04.22"]
[SourceQuality "1"]

1. d3 e6 2. g3 d5 3. Bg2 Nf6 4. Nd2 b6 5. Nh3 Be7 6. 0-0 0-0 7. e4 c6 8. e5 Nfd7 9. Qe2 Re8 10. f4 f6 11. Nf3 f5 12. Nf2 Nf8 13. g4 Ng6 14. gxf5 exf5 15. Nh3 Nh4 16. Bh1 Nxf3+ 17. Bxf3 Na6 18. Be3 Nc7 19. Qg2 Ne6 20. Kh1 Bb7 21. d4 a5 22. Rg1 Kh8 23. Rac1 b5 24. c3 Rg8 25. Qc2 g6 26. Rg2 a4 27. Rcg1 Ra7 28. Ng5 Bxg5 29. fxg5 Bc8 30. h4 h5 31. gxh6 Qxh4+ 32. Rh2 Qd8 33. Rhg2 Qh4+ 34. Rh2 Qd8 35. Bf2 g5 36. Bh5 Qf8 37. Qd2 Rh7 38. Be3 f4 39. Bf2 Qf5 1/2-1/2

[Event "Hoersching op 1st"]
[Site "Hoersching"]
[Date "2013.03.23"]
[Round "2"]
[White "Lichtenegger, Wolfram"]
[Black "Kirchmayr, Wilhelm"]
[Result "0-1"]
[WhiteElo "1723"]
[BlackElo "2036"]
[PlyCount "58"]
[EventDate "2013.03.22"]
[EventType "swiss"]
[EventRounds "7"]
[EventCountry "AUT"]
[SourceTitle "CBM 153 Extra"]
[Source "ChessBase"]
[SourceDate "2013.04.22"]
[SourceVersion "1"]
[SourceVersionDate "2013.04.22"]
[SourceQuality "1"]

1. e4 Nf6 2. Nc3 e6 3. d4 d5 4. e5 Nfd7 5. Nf3 c5 6. Be3 cxd4 7. Bxd4 Nc6 8. Nb5 a6 9. Nd6+ Bxd6 10. exd6 0-0 11. Be3 Nf6 12. Be2 Qxd6 13. 0-0 e5 14. c3 Ng4 15. h3 Nxe3 16. fxe3 Qc5 17. Qd2 Rd8 18. Rad1 Qe7 19. Qc2 Be6 20. Rd2 Rac8 21. Rfd1 h6 22. Qa4 e4 23. Nd4 Qg5 24. Kf2 Qh4+ 25. Kf1 Qg3 26. Nxc6 Rxc6 27. Bxa6 Rxa6 28. Qb5 Bxh3 29. gxh3 Rf6+ 0-1

[Event "Donau op 18th"]
[Site "Aschach"]
[Date "2009.12.26"]
[Round "1"]
[White "Cifka, Stanislav"]
[Black "Kirchmayr, Wilhelm"]
[Result "1-0"]
[WhiteElo "2423"]
[BlackElo "2077"]
[PlyCount "47"]
[EventDate "2009.12.26"]
[EventType "swiss"]
[EventRounds "7"]
[EventCountry "AUT"]
[SourceTitle "CBM 134 Extra"]
[Source "ChessBase"]
[SourceDate "2010.03.03"]
[SourceVersion "1"]
[SourceVersionDate "2010.03.03"]
[SourceQuality "1"]

1. d4 Nf6 2. c4 e6 3. Nf3 b6 4. g3 Bb7 5. Bg2 Be7 6. Nc3 Ne4 7. Bd2 f5 8. d5 Bf6 9. Qc2 Nxd2 10. Qxd2 0-0 11. 0-0 a5 12. Nd4 g6 13. dxe6 Bxg2 14. Kxg2 dxe6 15. Rad1 Qc8 16. e4 Rd8 17. Qe3 Qb7 18. Nxe6 Re8 19. Nf4 Nc6 20. Nfd5 Bg7 21. Qf4 fxe4 22. Qxc7 Ra7 23. Qxb7 Rxb7 24. Rfe1 1-0

[Event "Stockerau op-A"]
[Site "Stockerau"]
[Date "2006.05.27"]
[Round "4"]
[White "Lahofer, Christian"]
[Black "Kirchmayr, Wilhelm"]
[Result "0-1"]
[WhiteElo "1799"]
[BlackElo "1957"]
[PlyCount "52"]
[EventDate "2006.05.25"]
[EventType "swiss"]
[EventRounds "5"]
[EventCountry "AUT"]
[SourceTitle "CBM 112 Extra"]
[Source "ChessBase"]
[SourceDate "2006.07.14"]
[SourceVersion "1"]
[SourceVersionDate "2006.07.14"]
[SourceQuality "1"]

1. d4 e6 2. c4 Nf6 3. Nc3 Bb4 4. Nf3 b6 5. a3 Bxc3+ 6. bxc3 Ne4 7. Qc2 f5 8. Nd2 Bb7 9. Nxe4 Bxe4 10. Qd1 Bb7 11. d5 Qf6 12. Bb2 0-0 13. Qd2 Na6 14. 0-0-0 Nc5 15. Qc2 Qh4 16. e3 f4 17. g3 fxg3 18. Rd4 Qh6 19. fxg3 Qxe3+ 20. Kb1 Rf2 21. Qc1 Qxc1+ 22. Bxc1 e5 23. Rd2 Rxd2 24. Bxd2 Ne4 25. Be1 Ba6 26. Bg2 Nc5 0-1

[Event "Stockerau op-A"]
[Site "Stockerau"]
[Date "2006.05.25"]
[Round "2"]
[White "Amberger, Dieter"]
[Black "Kirchmayr, Wilhelm"]
[Result "1/2-1/2"]
[WhiteElo "1972"]
[BlackElo "1957"]
[PlyCount "46"]
[EventDate "2006.05.25"]
[EventType "swiss"]
[EventRounds "5"]
[EventCountry "AUT"]
[SourceTitle "CBM 112 Extra"]
[Source "ChessBase"]
[SourceDate "2006.07.14"]
[SourceVersion "1"]
[SourceVersionDate "2006.07.14"]
[SourceQuality "1"]

1. e4 e6 2. d4 d5 3. Nc3 Bb4 4. e5 b6 5. Nf3 a5 6. Bd3 Ba6 7. 0-0 Bf8 8. Re1 Qd7 9. Ng5 Bxd3 10. Qxd3 h6 11. Nh3 c5 12. Ne2 Nc6 13. c3 c4 14. Qg3 b5 15. f4 Nge7 16. Qf2 h5 17. Ng5 Nf5 18. h3 h4 19. g4 hxg3 20. Nxg3 Nce7 21. Kg2 Nh4+ 22. Kh2 Nhf5 23. Kg2 Nh4+ 1/2-1/2